| 000 | 00895cam a2200313Ma 4500 | ||
|---|---|---|---|
| 001 | 80672 | ||
| 005 | 20230411085755.0 | ||
| 008 | 020205s2001 fr 001 0 fre d | ||
| 035 | _a(OCoLC)ocn214990712 | ||
| 040 |
_aTZT _beng _cCUY _dOCLCQ |
||
| 020 | _a2130516718 | ||
| 020 | _a9782130516712 | ||
| 035 | _a(OCoLC)214990712 | ||
| 050 | 1 | 4 |
_aR B 42 _bC741d 2001 |
| 082 | 0 | 0 | _a103 |
| 049 | _aGRAL | ||
| 100 | 1 | _aComte-Sponville, Andre. | |
| 245 | 1 | 0 |
_aDictionnaire philosophique / _cAndre Comte-Sponville. |
| 260 |
_aParis : _bPresses universitaires de France, _cc2001. |
||
| 300 |
_a646 p. ; _c22 cm. |
||
| 490 | 1 | _aPerspectives critiques | |
| 650 | 0 |
_aPhilosophy _xDictionaries _xFrench. |
|
| 650 | 4 | _aPrimera Jornada de Catalogación. | |
| 650 | 4 |
_aFilosofía _xDiccionarios. |
|
| 830 | 0 | _aPerspectives critiques. | |
| 942 |
_2lcc _cbk |
||
| 994 |
_aC0 _bDRFGD |
||
| 946 | _akk | ||
| 999 |
_c107178 _d107178 |
||